EU energy performance of buildings directive (Record no. 85441)

MARC details
000 -LEADER
fixed length control field 00794cam a22001815a 4500
001 - CONTROL NUMBER
control field ##E135058
008 - FIXED-LENGTH DATA ELEMENTS--GENERAL INFORMATION
fixed length control field 050621n2005 xxk f 000 0 eng u
035 ## - SYSTEM CONTROL NUMBER
System control number (Sirsi) u135058
041 0# - LANGUAGE CODE
Language code of text/sound track or separate title eng
110 2# - MAIN ENTRY--CORPORATE NAME
Corporate name or jurisdiction name as entry element Royal Institution of Chartered Surveyors
9 (RLIN) 4900
245 00 - TITLE STATEMENT
Title EU energy performance of buildings directive
260 ## - PUBLICATION, DISTRIBUTION, ETC.
Place of publication, distribution, etc. London
Name of publisher, distributor, etc. RICS
Date of publication, distribution, etc. 2005
520 ## - SUMMARY, ETC.
Summary, etc. CD-ROM on the European Energy Performance of Buildings Directive (EBPD). The Directive Implementation Advisory Group has been established to advise the UK government on the energy performance of buildings and the implementation of the EBPD in a timely manner.
650 24 - SUBJECT ADDED ENTRY--TOPICAL TERM
Topical term or geographic name entry element DIRECTIVE 2002/91/EC
690 ## - LOCAL SUBJECT ADDED ENTRY--TOPICAL TERM (OCLC, RLIN)
Topical term or geographic name as entry element BUILT ENVIRONMENT-BUILDING STANDARDS
690 ## - LOCAL SUBJECT ADDED ENTRY--TOPICAL TERM (OCLC, RLIN)
Topical term or geographic name as entry element ENVIRONMENTAL AND LAND CONSULTANCY-ENERGY-ENERGY USE
942 ## - ADDED ENTRY ELEMENTS (KOHA)
Suppress in OPAC 0
Holdings
Withdrawn status Lost status Source of classification or shelving scheme Damaged status Not for loan Home library Current library Shelving location Date acquired Total Checkouts Full call number Barcode Date last seen Copy number Price effective from Koha item type
    Dewey Decimal Classification     London London RICS Boxes 11/06/2008   RICS 2005/55 30074820 06/08/2019 1 06/08/2019 Archive
    Dewey Decimal Classification     London London RICS Boxes 11/06/2008   RICS 2005/55 30074804 06/08/2019 2 06/08/2019 Reference material
    Dewey Decimal Classification     London London RICS Boxes 11/06/2008   RICS 2005/55 30074812 06/08/2019 3 06/08/2019 Audio